MARC details
| 000 -LEADER |
| fixed length control field |
01195nam a2200349 i 4500 |
| 001 - CONTROL NUMBER |
| control field |
150060 |
| 003 - CONTROL NUMBER IDENTIFIER |
| control field |
TR-AnTOB |
| 005 - DATE AND TIME OF LATEST TRANSACTION |
| control field |
20240325154051.0 |
| 007 - PHYSICAL DESCRIPTION FIXED FIELD--GENERAL INFORMATION |
| fixed length control field |
ta |
| 008 - FIXED-LENGTH DATA ELEMENTS--GENERAL INFORMATION |
| fixed length control field |
070110s1999 tu 000 0 tur |
| 040 ## - CATALOGING SOURCE |
| Original cataloging agency |
TR-AnTOB |
| Language of cataloging |
eng |
| Description conventions |
rda |
| Transcribing agency |
TR-AnTOB |
| 041 0# - LANGUAGE CODE |
| Language code of text/sound track or separate title |
Türkçe |
| 050 #4 - LIBRARY OF CONGRESS CALL NUMBER |
| Classification number |
HF5416 |
| Item number |
.T66 1999 |
| 090 ## - LOCALLY ASSIGNED LC-TYPE CALL NUMBER (OCLC); LOCAL CALL NUMBER (RLIN) |
| Classification number (OCLC) (R) ; Classification number, CALL (RLIN) (NR) |
HF5416 |
| Local cutter number (OCLC) ; Book number/undivided call number, CALL (RLIN) |
.T66 1999 |
| 099 ## - LOCAL FREE-TEXT CALL NUMBER (OCLC) |
| Classification number |
TOBB EAN 1999 |
| 245 00 - TITLE STATEMENT |
| Title |
TOBB Milli Mal Numaralama Merkezi : |
| Remainder of title |
EAN-UCC sistemi. |
| 246 34 - VARYING FORM OF TITLE |
| Title proper/short title |
EAN-UCC sistemi : TOBB-Milli Mal Numaralama Merkezi |
| 264 #1 - PRODUCTION, PUBLICATION, DISTRIBUTION, MANUFACTURE, AND COPYRIGHT NOTICE |
| Place of production, publication, distribution, manufacture |
Ankara : |
| Name of producer, publisher, distributor, manufacturer |
TOBB, |
| Date of production, publication, distribution, manufacture, or copyright notice |
1999. |
| 300 ## - PHYSICAL DESCRIPTION |
| Extent |
31 pages : |
| Other physical details |
illustrations (some color) ; |
| Dimensions |
22 cm |
| 336 ## - CONTENT TYPE |
| Source |
rdacontent |
| Content type term |
text |
| Content type code |
txt |
| 337 ## - MEDIA TYPE |
| Source |
rdamedia |
| Media type term |
unmediated |
| Media type code |
n |
| 338 ## - CARRIER TYPE |
| Source |
rdacarrier |
| Carrier type term |
volume |
| Carrier type code |
nc |
| 490 0# - SERIES STATEMENT |
| Series statement |
Türkiye Odalar ve Borsalar Birliği ; |
| Volume/sequential designation |
348. |
| Series statement |
TSDB ; |
| Volume/sequential designation |
47 |
| 610 20 - SUBJECT ADDED ENTRY--CORPORATE NAME |
| Corporate name or jurisdiction name as entry element |
International Article Numbering Association |
| 9 (RLIN) |
140644 |
|
| Corporate name or jurisdiction name as entry element |
Türkiye Ticaret, Sanayi, Deniz Ticaret Odaları ve Ticaret Borsaları Birliği |
| 9 (RLIN) |
117931 |
|
| Corporate name or jurisdiction name as entry element |
Uniform Code Council |
| 9 (RLIN) |
140645 |
| 650 #7 - SUBJECT ADDED ENTRY--TOPICAL TERM |
| Topical term or geographic name entry element |
Barkodlama |
| Source of heading or term |
etuturkob |
| 9 (RLIN) |
11567 |
| 710 2# - ADDED ENTRY--CORPORATE NAME |
| Corporate name or jurisdiction name as entry element |
Türkiye Odalar ve Borsalar Birliği |
| 9 (RLIN) |
18 |
| 942 ## - ADDED ENTRY ELEMENTS (KOHA) |
| Source of classification or shelving scheme |
Library of Congress Classification |
| Koha item type |
Book |